| 000 | 01733cam a22002773a 4500 | ||
|---|---|---|---|
| 001 | 142 | ||
| 003 | PGUSA | ||
| 005 | 20140828082944.0 | ||
| 008 | 040914s2004||||xxu|||||s|||||000 j eng d | ||
| 040 |
_aPGUSA _beng |
||
| 042 | _adc | ||
| 050 | 4 | _aPS | |
| 100 | 1 |
_aTwain, Mark, _d1835-1910 |
|
| 245 | 1 | 4 |
_aThe $30,000 Bequest, and other stories _h[electronic resource] / _cMark Twain |
| 260 |
_bProject Gutenberg, _c2004 |
||
| 505 | 0 | _aThe 30,000 Dollar Bequest -- A Dog's Tale -- Was It Heaven? Or Hell? -- A Cure for the Blues -- The Enemy Conquered; or, Love Triumphant -- The Californian's Tale -- A Helpless Situation -- A Telephonic Conversation -- Edward Mills and George Benton: A Tale -- The Five Boons of Life -- The First Writing-machines -- Italian without a Master -- Italian with Grammar -- A Burlesque Biography -- How to Tell a Story -- General Washington's Negro Body-servant -- Wit -- Inspirations of the "Two-year-olds" -- An Entertaining Article -- A Letter to the Secretary of the Treasury -- Amended Obituaries -- A Monument to Adam -- A Humane Word from Satan -- Introduction to "The New Guide of the Conversation in Portuguese and English" -- Advice to Little Girls -- Post-mortem Poetry -- The Danger of Lying in Bed -- Portrait of King William III -- Does the Race of Man Love a Lord? -- Extracts from Adam's Diary -- Eve's Diary | |
| 506 | _aPublic domain in the USA. | ||
| 516 | _aElectronic text | ||
| 653 | _aShort stories | ||
| 653 | _aUnited States -- Social life and customs -- Fiction | ||
| 653 | _aHumorous stories, American | ||
| 740 | 0 | _aThe 30,000 Dollar Bequest, and Other Stories | |
| 830 | 0 |
_aProject Gutenberg _v142 |
|
| 856 | 4 | 0 | _uhttp://www.gutenberg.org/ebooks/142 |
| 942 | _cEB | ||
| 999 |
_c229513 _d229513 |
||